| 000 | 00536nam a2200205 a 4500 | ||
|---|---|---|---|
| 005 | 20210219153234.0 | ||
| 008 | 991125n 000 0 spa u | ||
| 035 | _aUPN01000085197 | ||
| 100 | 1 | _aVilla Guerrero, Guadalupe | |
| 222 | _aSOLO HISTORIA | ||
| 245 | _aLas enfermeras, otro rostro de la Revolución | ||
| 260 | _aMéxico | ||
| 300 | _a47-52 | ||
| 362 | 0 | _a2000 No. 8, abr.-jun. | |
| 653 | 0 | _aENFERMERIA | |
| 653 | 0 | _aMUJERES | |
| 653 | 0 | _aREVOLUCION MEXICANA, 1910-1917 | |
| 904 |
_aAC _b023008 |
||
| 905 | _aArticulo | ||
| 999 |
_c71745 _d71745 |
||